000 01306cac a2200385 i 4500
003 EG-GICUC
005 20260121101437.0
008 001012s2001 enk frb 001 0 eng d
020 _a0421576502
020 _a9780421576506
040 _aDLC
_cDLC
_dDLC
_dEG-GICUC
_beng
_erda
043 _ae-uk---
050 0 0 _aKD3930
_b.P452 2001
082 0 0 _a342.042
_221
092 0 4 _221
099 _aLaw 08 2001
100 1 _aPhillips, Owen Hood
245 1 0 _aO. Hood Phillips & Jackson :
_bconstitutional and administrative law /
_cby O. Hood Phillips and Paul Jackson, and Patricia Leopold.
246 3 _aO. Hood Phillips and Jackson
246 3 _aConstitutional and administrative law.
250 _a8th ed., International student ed. /
264 _aLondon :
_bSweet & Maxwell,
_c2001.
300 _acxxvi, 855 page ;
_c24 cm.
336 _atext
_btxt
_2rdacontent
337 _aunmediated
_bn
_2rdamedia
338 _avolume
_bnc
_2rdacarrier
504 _aIncludes bibliographical references and index.
650 0 _aConstitutional law
_zGreat Britain.
650 0 _aAdministrative law
_zGreat Britain.
700 1 _aJackson, Paul,
_cLL. B.
700 1 _aLeopold, Patricia.
856 4 0 _uhttps://fll.law.cu.edu.eg/fulltext/bks/ENGB08-00089.pdf
905 _a10
942 _2ddc
_cBK
_e21
_n0
999 _c48820
_d48820